| 000 | 00319nam a2200121 a 4500 | ||
|---|---|---|---|
| 001 | 000003600 | ||
| 005 | 20200929150510.0 | ||
| 008 | 090711s19uu dr r 000 0 spa d | ||
| 040 |
_aDO-SdBNP _bspa _cBNPHU |
||
| 082 |
_axxxx _bxxxxx |
||
| 245 | 1 | 0 | _aEstatutos de la compañía anónima tabacalera. |
| 260 |
_aSantiago, _c19uu. |
||
| 999 |
_c3424 _d3424 |
||